[Event "DEM U18 2011"]
[Site "Oberhof GER"]
[Date "2011.06.14"]
[Round "4"]
[White "Bräuer, Franz"]
[Black "Kugler, Florian"]
[Result "1-0"]
[Termination "normal"]
[Board "5"]
[WhiteElo "2084"]
[BlackElo "2210"]
[PlyCount "45"]
[WhiteFideId "24634468"]
[BlackFideId "4633300"]
[EventCountry "GER"]
[EventRounds "9"]
[EventType "swiss"]
[EventDate "2011.06.11"]

1. e4 c5 2. Nf3 d6 3. d4 cxd4 4. Nxd4 Nf6 5. Nc3 g6 6. Be3 Bg7 7. h3 Nc6 8. g4
a6 9. Qd2 O-O 10. O-O-O Bd7 11. Be2 Rc8 12. Kb1 b5 13. Nxc6 Rxc6 14. e5 dxe5
15. g5 Rd6 16. gxf6 Rxd2 17. Rxd2 Qa8 18. Rhd1 Bxh3 19. fxe7 Re8 20. Rd8 Bf6
21. Rxa8 Rxa8 22. Nd5 Bh4 23. Nc7 1-0

[Event "DEM U18 2011"]
[Site "Oberhof GER"]
[Date "2011.06.14"]
[Round "4"]
[White "Berchtenbreiter, Maximilian"]
[Black "Müller, Tobias"]
[Result "1-0"]
[Termination "normal"]
[Board "6"]
[WhiteElo "2284"]
[BlackElo "2118"]
[PlyCount "153"]
[WhiteFideId "24641120"]
[BlackFideId "24643394"]
[EventCountry "GER"]
[EventRounds "9"]
[EventType "swiss"]
[EventDate "2011.06.11"]

1. e4 c5 2. Nc3 Nc6 3. f4 e6 4. Nf3 d5 5. Bb5 Nge7 6. exd5 Nxd5 7. O-O Be7 8.
Ne5 Bd7 9. Bxc6 Bxc6 10. Nxc6 bxc6 11. b3 O-O 12. Bb2 c4 13. Kh1 cxb3 14. axb3
Bf6 15. Na4 Nb6 16. Nxb6 Bxb2 17. Nxa8 Bxa1 18. Qxa1 Qxa8 19. Qc3 Qb7 20. d3 g6
21. Qc5 Rd8 22. Ra1 Rd7 23. Ra4 Qb6 24. Rc4 Qxc5 25. Rxc5 Rc7 26. g3 Kf8 27.
Kg2 Ke7 28. Kf3 Kd6 29. Ra5 c5 30. Ra6+ Ke7 31. Ke4 Kf6 32. g4 Ke7 33. Ke5 f6+
34. Ke4 f5+ 35. gxf5 exf5+ 36. Ke5 Rb7 37. Rc6 Rb5 38. Kd5 Rb4 39. Ke5 Rb5 40.
Rc7+ Kd8 41. Rxa7 c4+ 42. Kf6 cxb3 43. cxb3 Rb6+ 44. Kg5 h5 45. h4 Rxb3 46.
Kxg6 Rxd3 47. Kxf5 Rh3 48. Kg5 Rg3+ 49. Kxh5 Ke8 50. f5 Kf8 51. Kh6 Rg2 52. h5
Rg3 53. Ra6 Kf7 54. Rg6 Rf3 55. Kg5 Rg3+ 56. Kf4 Rh3 57. h6 Rh1 58. Ke5 Re1+
59. Kd6 Rd1+ 60. Kc7 Rf1 61. h7 Rh1 62. Rd6 Kg7 63. Kd8 Kf7 64. Rd7+ Kf6 65.
Ke8 Kxf5 66. Kf8 Kf6 67. Ra7 Rh2 68. Ra6+ Kf5 69. Kg7 Rg2+ 70. Kf7 Rh2 71. Ra5+
Kf4 72. Kg7 Rg2+ 73. Kf6 Rh2 74. Ra4+ Kf3 75. Ra7 Kf4 76. Kg7 Rg2+ 77. Kf8 1-0

[Event "DEM U18 2011"]
[Site "Oberhof GER"]
[Date "2011.06.14"]
[Round "4"]
[White "Marx, Joschka"]
[Black "Grünter, Martin"]
[Result "0-1"]
[Termination "normal"]
[Board "7"]
[WhiteElo "2035"]
[BlackElo "2239"]
[PlyCount "90"]
[WhiteFideId "24645869"]
[BlackFideId "24640352"]
[EventCountry "GER"]
[EventRounds "9"]
[EventType "swiss"]
[EventDate "2011.06.11"]

1. e4 c5 2. c3 Nf6 3. e5 Nd5 4. d4 cxd4 5. Nf3 e6 6. cxd4 b6 7. Bd3 Ba6 8. Bxa6
Nxa6 9. O-O Be7 10. Nc3 Nxc3 11. bxc3 Qc7 12. Qd3 Qb7 13. Re1 h6 14. Bf4 Rc8
15. Nd2 Nc7 16. Ne4 Nd5 17. Bd2 Qc6 18. Rec1 Qc4 19. Qf3 b5 20. a4 bxa4 21. Be1
Nb6 22. Nd2 Qc6 23. c4 Bb4 24. Ne4 Be7 25. c5 Nd5 26. Rc4 f5 27. Nc3 Nxc3 28.
Qxc3 O-O 29. Rcxa4 f4 30. f3 Qd5 31. Rb1 Rb8 32. Rbb4 Rb7 33. Rxb7 Qxb7 34. Rb4
Qd5 35. Qa3 Ra8 36. Qa6 Bxc5 37. Rc4 Bxd4+ 38. Bf2 Bxf2+ 39. Kxf2 Qd2+ 40. Kf1
Rb8 41. Rc8+ Rxc8 42. Qxc8+ Kf7 43. Qc4 a5 44. h4 Qb4 45. Qd3 Ke7 0-1

[Event "DEM U18 2011"]
[Site "Oberhof GER"]
[Date "2011.06.14"]
[Round "4"]
[White "Gruber, Roland"]
[Black "Raum, Sebastian"]
[Result "0-1"]
[Termination "normal"]
[Board "8"]
[WhiteElo "1882"]
[BlackElo "2076"]
[PlyCount "62"]
[WhiteFideId "1270975"]
[BlackFideId "24673935"]
[EventCountry "GER"]
[EventRounds "9"]
[EventType "swiss"]
[EventDate "2011.06.11"]

1. d4 Nf6 2. Nf3 g6 3. Bf4 Bg7 4. e3 O-O 5. h3 d6 6. Be2 Nbd7 7. O-O c5 8. c4
cxd4 9. exd4 b6 10. Nc3 Bb7 11. Qd3 Rc8 12. d5 Nc5 13. Qc2 e5 14. dxe6 fxe6 15.
Rad1 Nfe4 16. Nxe4 Nxe4 17. Be3 d5 18. Qb3 Qe7 19. Rc1 Kh8 20. cxd5 Bxd5 21.
Bc4 Rxc4 22. Rxc4 Nd6 23. Nd2 b5 24. Qb4 bxc4 25. Bc5 Be5 26. f4 Rxf4 27. Re1
Qg5 28. Re2 Nf5 29. Qa4 Nd4 30. Qe8+ Kg7 31. Qd7+ Rf7 0-1

[Event "DEM U18 2011"]
[Site "Oberhof GER"]
[Date "2011.06.14"]
[Round "4"]
[White "Kartsev, Alexandr"]
[Black "Dünzel, Jonas"]
[Result "1-0"]
[Termination "normal"]
[Board "9"]
[WhiteElo "2184"]
[BlackElo "2091"]
[PlyCount "130"]
[WhiteFideId "24647110"]
[BlackFideId "24631167"]
[EventCountry "GER"]
[EventRounds "9"]
[EventType "swiss"]
[EventDate "2011.06.11"]

1. e4 c5 2. c3 d5 3. exd5 Qxd5 4. d4 Nf6 5. Nf3 e6 6. Na3 Qd8 7. Bg5 cxd4 8.
Nxd4 a6 9. Bd3 Be7 10. O-O Bd7 11. Nc4 Nc6 12. Nxc6 Bxc6 13. Ne5 Qc7 14. Nxc6
Qxc6 15. c4 O-O 16. Rc1 Rfd8 17. Qe2 h6 18. Bh4 Rd4 19. Bg3 Rad8 20. Rfd1 Qc5
21. a3 Nh5 22. b4 Nxg3 23. hxg3 Qg5 24. Be4 Rd2 25. Qe1 b6 26. Rxd2 Qxd2 27.
Qxd2 Rxd2 28. Bb7 Rd3 29. c5 bxc5 30. bxc5 Rd7 31. c6 Rc7 32. Rc3 a5 33. Kf1
Kf8 34. Ke2 Bd6 35. Kd3 Ke8 36. Kc4 Re7 37. Kb5 Bc7 38. Bc8 e5 39. Bd7+ Kd8 40.
Rd3 e4 41. Rd1 e3 42. fxe3 Rxe3 43. Bh3+ Ke8 44. Rd7 Re7 45. Rd3 f5 46. Ka6 g6
47. g4 f4 48. g5 hxg5 49. Bd7+ Kd8 50. Bg4+ Ke8 51. Bd7+ Kd8 52. Bg4+ Ke8 53.
Kb7 Be5+ 54. Bd7+ Kd8 55. Rd5 Bc7 56. a4 Re5 57. Rd4 Re7 58. Rd5 Re5 59. Rd1
Re7 60. Rh1 Be5 61. Re1 g4 62. Rxe5 Rxe5 63. c7+ Kxd7 64. c8=Q+ Ke7 65. Qxg4 g5
1-0

[Event "DEM U18 2011"]
[Site "Oberhof GER"]
[Date "2011.06.14"]
[Round "4"]
[White "Günnigmann, Manuel"]
[Black "Hahn, Markus"]
[Result "1/2-1/2"]
[Termination "normal"]
[Board "11"]
[WhiteElo "2205"]
[BlackElo "2108"]
[PlyCount "48"]
[WhiteFideId "24640360"]
[BlackFideId "24654647"]
[EventCountry "GER"]
[EventRounds "9"]
[EventType "swiss"]
[EventDate "2011.06.11"]

1. e4 c5 2. Nf3 e6 3. d4 cxd4 4. Nxd4 a6 5. Nc3 Qc7 6. Bd3 Nf6 7. O-O d6 8. Qe2
Nbd7 9. Kh1 b5 10. Bd2 Bb7 11. b4 Ne5 12. f4 Nxd3 13. cxd3 Be7 14. Rfc1 Qd8 15.
Nb3 Rc8 16. Na5 Ba8 17. a4 bxa4 18. Nxa4 Rxc1+ 19. Rxc1 O-O 20. Be3 Qd7 21. Nb6
Qb5 22. Nxa8 Rxa8 23. Nc6 Bf8 24. Qd2 Nd7 1/2-1/2

[Event "DEM U18 2011"]
[Site "Oberhof GER"]
[Date "2011.06.14"]
[Round "4"]
[White "Wenninger, Philipp"]
[Black "Müller, Richard"]
[Result "1-0"]
[Termination "normal"]
[Board "12"]
[WhiteElo "2130"]
[BlackElo "2032"]
[PlyCount "71"]
[WhiteFideId "4648404"]
[BlackFideId "24647128"]
[EventCountry "GER"]
[EventRounds "9"]
[EventType "swiss"]
[EventDate "2011.06.11"]

1. d4 d5 2. c4 Nc6 3. Nc3 dxc4 4. Nf3 Bg4 5. d5 Bxf3 6. exf3 Ne5 7. Qd4 Nd3+ 8.
Bxd3 cxd3 9. Qxd3 c6 10. Bg5 h6 11. Bh4 g5 12. Bg3 Bg7 13. O-O-O Nf6 14. d6 e6
15. Be5 O-O 16. Qd4 c5 17. Qe3 Nd7 18. Bxg7 Kxg7 19. h4 Rc8 20. hxg5 Qxg5 21.
f4 Qg6 22. Rh3 Qf5 23. g4 Qg6 24. f5 Qg5 25. f4 Qd8 26. fxe6 fxe6 27. g5 hxg5
28. Qxe6 Rf6 29. Qe4 Rg6 30. Rdh1 Nf6 31. Qxb7+ Kf8 32. Rh8+ Rg8 33. Rxg8+ Kxg8
34. fxg5 Qd7 35. Qb3+ c4 36. Qc2 1-0

[Event "DEM U18 2011"]
[Site "Oberhof GER"]
[Date "2011.06.14"]
[Round "4"]
[White "Künstler, Christian"]
[Black "Jäger, Tobias"]
[Result "1-0"]
[Termination "normal"]
[Board "13"]
[WhiteElo "2060"]
[BlackElo "2059"]
[PlyCount "77"]
[WhiteFideId "24602361"]
[BlackFideId "12902691"]
[EventCountry "GER"]
[EventRounds "9"]
[EventType "swiss"]
[EventDate "2011.06.11"]

1. e4 c5 2. c3 Nf6 3. e5 Nd5 4. d4 cxd4 5. cxd4 d6 6. Nf3 Nc6 7. Bc4 Nb6 8. Bb3
dxe5 9. d5 Na5 10. Nc3 Nxb3 11. Qxb3 e6 12. Nxe5 exd5 13. Be3 Bd6 14. Qb5+ Kf8
15. Nf3 Bd7 16. Qb3 Be6 17. Nd4 Nc4 18. O-O Qd7 19. Rad1 a6 20. Rfe1 Re8 21.
Bg5 Bg4 22. Nce2 f6 23. Bc1 Kf7 24. f3 Be6 25. Kh1 g5 26. Nc3 b5 27. a4 bxa4
28. Nxa4 Rb8 29. Qc2 Ne5 30. Nc3 Kg7 31. Nxe6+ Qxe6 32. f4 gxf4 33. Nxd5 f3 34.
gxf3 Rhg8 35. f4 Kh8 36. fxe5 Qh3 37. Re3 Qg4 38. exd6 Rbc8 39. Qxh7+ 1-0

[Event "DEM U18 2011"]
[Site "Oberhof GER"]
[Date "2011.06.14"]
[Round "4"]
[White "Bluma, Marcel"]
[Black "Cremer, Jan Paul"]
[Result "0-1"]
[Termination "normal"]
[Board "14"]
[WhiteElo "2099"]
[BlackElo "2026"]
[PlyCount "72"]
[WhiteFideId "1270526"]
[BlackFideId "24686115"]
[EventCountry "GER"]
[EventRounds "9"]
[EventType "swiss"]
[EventDate "2011.06.11"]

1. e4 c5 2. Nf3 d6 3. d4 cxd4 4. Nxd4 Nf6 5. Nc3 a6 6. Be2 e5 7. Nb3 Be7 8. O-O
O-O 9. a4 Be6 10. f4 exf4 11. Bxf4 Nc6 12. Kh1 Ne5 13. Nd4 Qd7 14. Nd5 Bxd5 15.
exd5 Nxd5 16. Bxe5 dxe5 17. Nf5 Bf6 18. Bg4 Qd8 19. Bf3 Nf4 20. Bxb7 Rb8 21.
Qf3 Qd7 22. Be4 Rxb2 23. g3 Ng6 24. Rad1 Qxa4 25. Rd6 Re8 26. Nxg7 Bxg7 27.
Qxf7+ Kh8 28. Bxg6 hxg6 29. Rxg6 Qe4+ 30. Rf3 Rg8 31. Rg5 Rb1+ 32. Kg2 Qxc2+
33. Kh3 Rb6 34. Rh5+ Rh6 35. Rff5 Rf8 36. Qg6 Qxf5+ 0-1

[Event "DEM U18 2011"]
[Site "Oberhof GER"]
[Date "2011.06.14"]
[Round "4"]
[White "Theurich, Joel"]
[Black "Frank, Christian"]
[Result "1/2-1/2"]
[Termination "normal"]
[Board "15"]
[WhiteElo "1511"]
[BlackElo "2043"]
[PlyCount "58"]
[WhiteFideId "12930393"]
[BlackFideId "24658324"]
[EventCountry "GER"]
[EventRounds "9"]
[EventType "swiss"]
[EventDate "2011.06.11"]

1. e4 c5 2. Nc3 Nc6 3. g3 g6 4. Bg2 Bg7 5. d3 e6 6. Be3 d6 7. Qd2 Nge7 8. Nge2
O-O 9. d4 cxd4 10. Nxd4 Ne5 11. Qe2 a6 12. O-O Qc7 13. Rad1 Bd7 14. Bc1 Rac8
15. Kh1 b5 16. a3 Nc4 17. Qd3 Rfd8 18. Nde2 Be8 19. f4 Qc5 20. Nd4 Nxa3 21. Be3
Qc7 22. Ra1 Nc4 23. Rxa6 Nxb2 24. Ncxb5 Qb7 25. Ra7 Qxa7 26. Nxa7 Nxd3 27. Nxc8
Rxc8 28. cxd3 Rc3 29. Rd1 Nc6 1/2-1/2

[Event "DEM U18 2011"]
[Site "Oberhof GER"]
[Date "2011.06.14"]
[Round "5"]
[White "Blübaum, Matthias"]
[Black "Frischmann, Rick"]
[Result "1-0"]
[Termination "normal"]
[Board "1"]
[WhiteTitle "FM"]
[WhiteElo "2300"]
[BlackElo "1936"]
[PlyCount "57"]
[WhiteFideId "24651516"]
[BlackFideId "24660752"]
[EventCountry "GER"]
[EventRounds "9"]
[EventType "swiss"]
[EventDate "2011.06.11"]

1. d4 d5 2. c4 Nc6 3. Nc3 dxc4 4. Nf3 Nf6 5. e4 Bg4 6. d5 Ne5 7. Bf4 Bxf3 8.
gxf3 Ng6 9. Be3 e5 10. dxe6 Qxd1+ 11. Rxd1 fxe6 12. Bxc4 e5 13. Nb5 Bb4+ 14.
Kf1 Ke7 15. Nxc7 Rac8 16. Nd5+ Nxd5 17. Bxd5 b6 18. Bg5+ Ke8 19. Bb7 Rb8 20.
Bc6+ Kf8 21. Rd7 Be7 22. Bxe7+ Nxe7 23. Bd5 a5 24. Ke2 Ke8 25. Ra7 Rd8 26. Bb3
Rf8 27. Rg1 Rf6 28. Rxg7 Nc6 29. Rg8+ 1-0

[Event "DEM U18 2011"]
[Site "Oberhof GER"]
[Date "2011.06.14"]
[Round "5"]
[White "Grünter, Martin"]
[Black "Berchtenbreiter, Maximilian"]
[Result "0-1"]
[Termination "normal"]
[Board "4"]
[WhiteElo "2239"]
[BlackElo "2284"]
[PlyCount "102"]
[WhiteFideId "24640352"]
[BlackFideId "24641120"]
[EventCountry "GER"]
[EventRounds "9"]
[EventType "swiss"]
[EventDate "2011.06.11"]

1. e4 e6 2. d4 d5 3. Nc3 Nf6 4. Bg5 dxe4 5. Nxe4 Be7 6. Bxf6 gxf6 7. Qd3 a6 8.
O-O-O b5 9. Qf3 c6 10. Kb1 f5 11. Ng3 Bb7 12. Qh5 Nd7 13. Bd3 Nf6 14. Qe2 Qc7
15. Nf3 O-O-O 16. c4 Kb8 17. Rc1 b4 18. Rhd1 Rhe8 19. Qc2 c5 20. d5 exd5 21.
Nxf5 d4 22. Ng5 Bd6 23. Nxd6 Rxd6 24. Re1 h6 25. Rxe8+ Nxe8 26. Ne4 Re6 27. f3
Nd6 28. Ng3 Qe7 29. Qd2 Ka7 30. Kc2 Qh4 31. Nf1 f5 32. b3 Ne4 33. Qe1 Qe7 34.
Kb2 Nc3 35. Qd2 Qc7 36. Ka1 Qe5 37. Kb2 a5 38. Ra1 a4 39. a3 Rb6 40. axb4 Rxb4
41. Kc2 Qe6 42. Ng3 Qb6 43. Nxf5 Rxb3 44. Qc1 Qb4 45. Nxh6 Na2 46. Rxa2 Rc3+
47. Kd1 Rxc1+ 48. Kxc1 Qc3+ 49. Bc2 d3 50. Rxa4+ Ba6 51. Ra2 Qe1+ 0-1

[Event "DEM U18 2011"]
[Site "Oberhof GER"]
[Date "2011.06.14"]
[Round "5"]
[White "Raum, Sebastian"]
[Black "Kartsev, Alexandr"]
[Result "1-0"]
[Termination "normal"]
[Board "5"]
[WhiteElo "2076"]
[BlackElo "2184"]
[PlyCount "47"]
[WhiteFideId "24673935"]
[BlackFideId "24647110"]
[EventCountry "GER"]
[EventRounds "9"]
[EventType "swiss"]
[EventDate "2011.06.11"]

1. e4 c6 2. d4 d5 3. e5 Bf5 4. h4 h5 5. Bg5 Qb6 6. Bd3 Bxd3 7. Qxd3 Qxb2 8. e6
Qxa1 9. Qb3 Qxd4 10. Qxb7 fxe6 11. Qxa8 Qb4+ 12. Nd2 Kf7 13. Ngf3 Qd6 14. O-O
g6 15. Rd1 Bg7 16. Ne4 Qc7 17. Bf4 e5 18. Neg5+ Ke8 19. Ne6 Qc8 20. Nxe5 Nf6
21. Rb1 Nfd7 22. Nxg7+ Kf8 23. Ne6+ Kg8 24. Nxd7 1-0

[Event "DEM U18 2011"]
[Site "Oberhof GER"]
[Date "2011.06.14"]
[Round "5"]
[White "Petermann, Michail"]
[Black "Donchenko, Alexander"]
[Result "1-0"]
[Termination "normal"]
[Board "6"]
[WhiteElo "2134"]
[BlackElo "2239"]
[PlyCount "41"]
[WhiteFideId "24643530"]
[BlackFideId "24603295"]
[EventCountry "GER"]
[EventRounds "9"]
[EventType "swiss"]
[EventDate "2011.06.11"]

1. e4 c5 2. Nc3 d6 3. f4 Nc6 4. Nf3 g6 5. Bc4 Bg7 6. O-O e6 7. d3 Nge7 8. Qe1
Nd4 9. Nxd4 cxd4 10. Ne2 O-O 11. f5 exf5 12. Bg5 Qc7 13. Qh4 Nc6 14. Nf4 Ne5
15. Nd5 Qa5 16. b4 Qa4 17. Bh6 Ng4 18. Bxg7 Kxg7 19. h3 Ne3 20. Qf6+ Kh6 21.
Rf4 1-0

[Event "DEM U18 2011"]
[Site "Oberhof GER"]
[Date "2011.06.14"]
[Round "5"]
[White "Kugler, Florian"]
[Black "Wenninger, Philipp"]
[Result "1/2-1/2"]
[Termination "normal"]
[Board "7"]
[WhiteElo "2210"]
[BlackElo "2130"]
[PlyCount "51"]
[WhiteFideId "4633300"]
[BlackFideId "4648404"]
[EventCountry "GER"]
[EventRounds "9"]
[EventType "swiss"]
[EventDate "2011.06.11"]

1. e4 c6 2. d4 d5 3. exd5 cxd5 4. Bd3 Nc6 5. c3 Qc7 6. Nf3 Bg4 7. Nbd2 e6 8.
O-O Nf6 9. Re1 Be7 10. Nf1 Bh5 11. Ng3 Bg6 12. Bg5 Nh5 13. Bxe7 Nxe7 14. Ne5
Nxg3 15. Nxg6 hxg6 16. Qa4+ Nc6 17. fxg3 O-O 18. Kh1 a6 19. a3 b5 20. Qc2 Rac8
21. Qf2 Rfe8 22. Re3 e5 23. dxe5 Rxe5 24. Rxe5 Nxe5 25. Rd1 Qc5 26. Qxc5
1/2-1/2

[Event "DEM U18 2011"]
[Site "Oberhof GER"]
[Date "2011.06.14"]
[Round "5"]
[White "Kahleys, Kevin"]
[Black "Künstler, Christian"]
[Result "1/2-1/2"]
[Termination "normal"]
[Board "8"]
[WhiteElo "2148"]
[BlackElo "2060"]
[PlyCount "85"]
[WhiteFideId "24669601"]
[BlackFideId "24602361"]
[EventCountry "GER"]
[EventRounds "9"]
[EventType "swiss"]
[EventDate "2011.06.11"]

1. d4 d5 2. c4 c6 3. Nf3 Nf6 4. Qb3 e6 5. g3 Nbd7 6. Bg2 Bd6 7. O-O O-O 8. Nc3
dxc4 9. Qxc4 e5 10. Rd1 Qe7 11. Bg5 h6 12. Bxf6 Nxf6 13. dxe5 Bxe5 14. Nxe5
Qxe5 15. Qd4 Qh5 16. e4 Ng4 17. h3 Ne5 18. f4 Nf3+ 19. Bxf3 Qxf3 20. Rd3 Qh5
21. g4 Bxg4 22. hxg4 Qxg4+ 23. Kh2 Qxf4+ 24. Rg3 g6 25. Qe3 Qxe3 26. Rxe3 Rad8
27. Re2 Rd4 28. e5 Rfd8 29. Ne4 Kg7 30. Rf1 Re8 31. Nc3 a6 32. Kg3 c5 33. Rf4
Rd3+ 34. Kf2 b5 35. a3 g5 36. Rf5 Re6 37. Kg2 b4 38. axb4 cxb4 39. Ne4 Rd5 40.
Ng3 Kg6 41. Ref2 Rdxe5 42. Rxf7 h5 43. Rf8 1/2-1/2

[Event "DEM U18 2011"]
[Site "Oberhof GER"]
[Date "2011.06.14"]
[Round "5"]
[White "Müller, Tobias"]
[Black "Wittke, Rene"]
[Result "0-1"]
[Termination "normal"]
[Board "9"]
[WhiteElo "2118"]
[BlackElo "2033"]
[PlyCount "84"]
[WhiteFideId "24643394"]
[BlackFideId "24640255"]
[EventCountry "GER"]
[EventRounds "9"]
[EventType "swiss"]
[EventDate "2011.06.11"]

1. c4 e5 2. g3 Nc6 3. Bg2 g6 4. Nc3 Bg7 5. d3 d6 6. e3 Be6 7. Nge2 Qd7 8. h3
Nge7 9. Nd5 O-O 10. Rb1 a5 11. a3 Rab8 12. b4 axb4 13. axb4 b5 14. Bd2 f5 15.
Bc3 bxc4 16. dxc4 e4 17. Bxg7 Kxg7 18. Nef4 Ne5 19. O-O Bf7 20. Qd4 c6 21. Nb6
Qc7 22. c5 dxc5 23. bxc5 Rfd8 24. Qc3 Kg8 25. Rfd1 Nd5 26. Nfxd5 Bxd5 27. Bf1
h5 28. Bc4 Bxc4 29. Nxc4 Rxb1 30. Rxb1 Nxc4 31. Qxc4+ Qf7 32. Qa6 Qd5 33. Qa7
Rd7 34. Rb8+ Kg7 35. Qa8 Qxc5 36. Rg8+ Kh6 37. Rh8+ Kg5 38. h4+ Kg4 39. Kg2 Rd2
40. Rg8 Rxf2+ 41. Kxf2 Qc2+ 42. Ke1 Kf3 0-1

[Event "DEM U18 2011"]
[Site "Oberhof GER"]
[Date "2011.06.14"]
[Round "5"]
[White "Wendling, Florian"]
[Black "Günnigmann, Manuel"]
[Result "0-1"]
[Termination "normal"]
[Board "10"]
[WhiteElo "1966"]
[BlackElo "2205"]
[PlyCount "76"]
[WhiteFideId "24640212"]
[BlackFideId "24640360"]
[EventCountry "GER"]
[EventRounds "9"]
[EventType "swiss"]
[EventDate "2011.06.11"]

1. e4 c5 2. Nf3 Nc6 3. d4 cxd4 4. Nxd4 e5 5. Nb5 d6 6. N1c3 a6 7. Na3 b5 8. Nd5
Nce7 9. c4 Nxd5 10. Qxd5 Be6 11. Qc6+ Bd7 12. Qb7 Nf6 13. Bd3 d5 14. exd5 Bc5
15. d6 e4 16. Bg5 O-O 17. Be2 Ra7 18. Qd5 Nxd5 19. Bxd8 Rxd8 20. cxd5 Bb4+ 21.
Kf1 Bxd6 22. Nc2 Be5 23. Rb1 Rc7 24. Ne3 Rdc8 25. f3 Bd4 26. Kf2 Re8 27. Rhd1
Bb6 28. f4 Rc2 29. h3 Rec8 30. d6 f6 31. a3 Kf7 32. Rd5 Ke8 33. Rdd1 Kd8 34.
Rd5 Be6 35. Rdd1 Ba2 36. Ra1 Rxb2 37. Rdc1 Rxc1 38. Rxc1 Rb3 0-1

[Event "DEM U18 2011"]
[Site "Oberhof GER"]
[Date "2011.06.14"]
[Round "5"]
[White "Hahn, Markus"]
[Black "Marx, Joschka"]
[Result "1-0"]
[Termination "normal"]
[Board "11"]
[WhiteElo "2108"]
[BlackElo "2035"]
[PlyCount "77"]
[WhiteFideId "24654647"]
[BlackFideId "24645869"]
[EventCountry "GER"]
[EventRounds "9"]
[EventType "swiss"]
[EventDate "2011.06.11"]

1. d4 Nf6 2. c4 e5 3. dxe5 Ng4 4. Nf3 Nc6 5. Bg5 Be7 6. Bxe7 Qxe7 7. e3 Qb4+ 8.
Qd2 Qxd2+ 9. Nbxd2 Ngxe5 10. Nxe5 Nxe5 11. Be2 d6 12. O-O a5 13. Rad1 b6 14. f4
Nd7 15. Bf3 Rb8 16. a3 O-O 17. b4 Re8 18. Kf2 Bb7 19. Nb3 axb4 20. axb4 Bxf3
21. Kxf3 Ra8 22. Ra1 f5 23. Nd4 g6 24. Nb5 Rxa1 25. Rxa1 Re4 26. Rc1 Nf6 27.
Nxc7 Ng4 28. Nd5 Nxh2+ 29. Ke2 Ng4 30. Rc3 h6 31. Nxb6 g5 32. g3 gxf4 33. gxf4
h5 34. c5 Rxb4 35. c6 Rb2+ 36. Ke1 Rb1+ 37. Kd2 Nf2 38. c7 Ne4+ 39. Kc2 1-0

[Event "DEM U18 2011"]
[Site "Oberhof GER"]
[Date "2011.06.14"]
[Round "5"]
[White "Cremer, Jan Paul"]
[Black "Müller, Richard"]
[Result "1-0"]
[Termination "normal"]
[Board "13"]
[WhiteElo "2026"]
[BlackElo "2032"]
[PlyCount "51"]
[WhiteFideId "24686115"]
[BlackFideId "24647128"]
[EventCountry "GER"]
[EventRounds "9"]
[EventType "swiss"]
[EventDate "2011.06.11"]

1. e4 c5 2. Nf3 e6 3. d4 cxd4 4. Nxd4 Nc6 5. Nc3 Qc7 6. Be2 a6 7. O-O Nf6 8.
Be3 Be7 9. Kh1 O-O 10. f4 d6 11. a4 Nxd4 12. Qxd4 e5 13. Qd3 Bd7 14. Rad1 Bc6
15. fxe5 dxe5 16. Nd5 Nxd5 17. exd5 Rad8 18. Qb3 Bxd5 19. Rxd5 Rxd5 20. Qxd5
Qxc2 21. Bc4 Qg6 22. Qxb7 Bf6 23. Bc5 Re8 24. Qc6 Rd8 25. Bb6 Rf8 26. Bxa6 1-0

[Event "DEM U18 2011"]
[Site "Oberhof GER"]
[Date "2011.06.14"]
[Round "5"]
[White "Jäger, Tobias"]
[Black "Theurich, Joel"]
[Result "1-0"]
[Termination "normal"]
[Board "14"]
[WhiteElo "2059"]
[BlackElo "1511"]
[PlyCount "87"]
[WhiteFideId "12902691"]
[BlackFideId "12930393"]
[EventCountry "GER"]
[EventRounds "9"]
[EventType "swiss"]
[EventDate "2011.06.11"]

1. d4 f5 2. c4 Nf6 3. Nf3 e6 4. g3 Be7 5. Bg2 O-O 6. O-O d6 7. Nc3 Qe8 8. b3
Nbd7 9. Bb2 Rb8 10. Nb5 c6 11. Nc7 Qf7 12. Ng5 Qg6 13. Ngxe6 Rf7 14. d5 c5 15.
Nf4 Qh6 16. Nce6 Nf8 17. h4 Ng4 18. Nxf8 Kxf8 19. Bh3 g5 20. hxg5 Bxg5 21. Bxg4
Bxf4 22. Bf3 Bg5 23. e3 Bd7 24. a4 f4 25. exf4 Bxf4 26. Bc1 Bxc1 27. Rxc1 Qf6
28. Bg4 Bxg4 29. Qxg4 Re8 30. Rc2 Rg7 31. Qd1 Rge7 32. Kg2 b6 33. Qf3 Qxf3+ 34.
Kxf3 Re5 35. Rh1 Kg7 36. Rh4 Re1 37. Rc3 R8e5 38. Rg4+ Kf7 39. Kg2 Rf5 40. Re3
Rxe3 41. fxe3 Re5 42. Kf3 Kf6 43. Re4 Rg5 44. Re6+ 1-0

[Event "DEM U18 2011"]
[Site "Oberhof GER"]
[Date "2011.06.14"]
[Round "5"]
[White "Frank, Christian"]
[Black "Bluma, Marcel"]
[Result "0-1"]
[Termination "normal"]
[Board "15"]
[WhiteElo "2043"]
[BlackElo "2099"]
[PlyCount "58"]
[WhiteFideId "24658324"]
[BlackFideId "1270526"]
[EventCountry "GER"]
[EventRounds "9"]
[EventType "swiss"]
[EventDate "2011.06.11"]

1. d4 d5 2. c4 e6 3. Nc3 c5 4. cxd5 cxd4 5. Qxd4 Nc6 6. Qd1 exd5 7. Qxd5 Bd7 8.
Nf3 Nf6 9. Qd1 Bc5 10. e3 Qe7 11. Be2 O-O-O 12. Bd2 Kb8 13. a3 Bf5 14. b4 Bd6
15. O-O h5 16. b5 Ne5 17. Nd4 Bc8 18. Rb1 Nfg4 19. f4 Qh4 20. h3 Qg3 21. Bxg4
Nxg4 22. Nf3 Bc5 23. Qe1 Qxe1 24. Rfxe1 Rxd2 25. hxg4 Rd3 26. Ne4 Bxe3+ 27. Kf1
hxg4 28. Ne5 Rxa3 29. Nc4 Ra2 0-1

[Event "DEM U18 2011"]
[Site "Oberhof GER"]
[Date "2011.06.15"]
[Round "6"]
[White "Svane, Rasmus"]
[Black "Blübaum, Matthias"]
[Result "1/2-1/2"]
[Termination "normal"]
[Board "1"]
[BlackTitle "FM"]
[WhiteElo "2297"]
[BlackElo "2300"]
[PlyCount "61"]
[WhiteFideId "4657101"]
[BlackFideId "24651516"]
[EventCountry "GER"]
[EventRounds "9"]
[EventType "swiss"]
[EventDate "2011.06.11"]

1. d4 d5 2. c4 c6 3. Nf3 Nf6 4. e3 Bf5 5. Nc3 e6 6. Nh4 Be4 7. f3 Bg6 8. Qb3
Qc7 9. Bd2 Be7 10. g3 Nbd7 11. Rc1 Qb6 12. Nxg6 Qxb3 13. axb3 hxg6 14. Kf2
O-O-O 15. Bd3 Bb4 16. Ra1 a6 17. c5 e5 18. Ra4 Bxc3 19. bxc3 e4 20. Be2 exf3
21. Bxf3 Ne4+ 22. Bxe4 dxe4 23. Ra2 Rh3 24. c4 Rdh8 25. Kg1 f5 26. b4 Nf6 27.
Bc3 Nh5 28. Be1 Nf6 29. Bc3 Nh5 30. Be1 Nf6 31. Bc3 1/2-1/2

[Event "DEM U18 2011"]
[Site "Oberhof GER"]
[Date "2011.06.15"]
[Round "6"]
[White "Berchtenbreiter, Maximilian"]
[Black "Raum, Sebastian"]
[Result "0-1"]
[Termination "normal"]
[Board "3"]
[WhiteElo "2284"]
[BlackElo "2076"]
[PlyCount "76"]
[WhiteFideId "24641120"]
[BlackFideId "24673935"]
[EventCountry "GER"]
[EventRounds "9"]
[EventType "swiss"]
[EventDate "2011.06.11"]

1. e4 c5 2. Nf3 Nf6 3. Nc3 Nc6 4. d4 d5 5. exd5 Nxd5 6. Ne4 cxd4 7. Nxd4 Qb6 8.
Nb5 Be6 9. c4 Nf6 10. Be3 Qa5+ 11. Bd2 Qb6 12. Ng5 Bf5 13. c5 Qd8 14. Bc4 e6
15. Bf4 Qa5+ 16. Bd2 Qd8 17. Bf4 Qa5+ 18. Bd2 Qd8 19. Qf3 Qd7 20. Bc3 Bxc5 21.
Rd1 Qe7 22. Qg3 O-O 23. O-O Rad8 24. b4 Bxb4 25. Bb2 Rxd1 26. Rxd1 Rd8 27. Rf1
Rd2 28. Bc1 Rd7 29. Bb2 a6 30. Nc3 Rd2 31. Ba1 Qd6 32. Qf3 Bg4 33. Qe3 Bc5 34.
Qe1 Qf4 35. h4 h6 36. Nge4 Nxe4 37. Nxe4 Rd1 38. Qc3 Bd4 0-1